000 00225 a2200097 4500
001 49541
100 _aBurk S.M
245 _aPakistan foreign policy
260 _aKarachi
_bOxford university press
_c
090 _c32069
_d32069
942 _aNUST-CAE
_cM
_c24524
999 _c284614
_d284614